| 000 | 00488nam a2200181Ia 4500 | ||
|---|---|---|---|
| 005 | 20250423095037.0 | ||
| 008 | 250422s9999 xx 000 0 und d | ||
| 020 | _a9788185461762 | ||
| 050 | _aHG 151 .C65/ | ||
| 100 | _aCollins, P.H. | ||
| 245 | 0 | _aDictionary of banking and finance | |
| 260 | _aNew Delhi | ||
| 260 | _bPeter Collins publishing limited | ||
| 260 | _c1991 | ||
| 300 | _a260 p | ||
| 650 | _a Banks and banking--Dictionaries. Finance--Dictionaries. | ||
| 942 | _cBK | ||
| 999 |
_c29070 _d29070 |
||